[Event "SERBIA CHESS OPEN 2021 - MASTERS"]
[Site "Belgrade, Hotel Metropol"]
[Date "2021.07.04"]
[Round "4.128"]
[White "Belke, Frank"]
[Black "Dolgun, Can"]
[Result "0-1"]
[WhiteElo "2269"]
[BlackElo "2133"]
[PlyCount "70"]
[EventDate "2021.??.??"]

1. d4 d5 2. c4 c6 3. Nf3 Nf6 4. Nc3 dxc4 5. a4 Bf5 6. Ne5 Na6 7. f3 Nd7 8. Nxd7
Bxd7 9. e4 e5 10. Be3 exd4 11. Qxd4 Be6 12. Qxd8+ Kxd8 13. O-O-O+ Ke8 14. f4 f6
15. f5 Bf7 16. g4 Bc5 17. Bf4 Rd8 18. Be2 Bd4 19. h4 Nc5 20. Kc2 h6 21. Rhe1
Ke7 22. Bf1 Be5 23. Be3 Nb3 24. Bxa7 Bg3 25. Re2 Rxd1 26. Nxd1 Ra8 27. Be3 Rxa4
28. g5 Bxh4 29. e5 Bxg5 30. exf6+ Kxf6 31. Bb6 Ra1 32. Bd8+ Kxf5 33. Bxg5 Kxg5
34. Rg2+ Kf6 35. Rf2+ Kg6 0-1

[Event "SERBIA CHESS OPEN 2021 - MASTERS"]
[Site "Belgrade, Hotel Metropol"]
[Date "2021.07.04"]
[Round "4.129"]
[White "Gregoric, Andraz"]
[Black "Juvan, Jaka"]
[Result "0-1"]
[WhiteElo "2107"]
[BlackElo "2252"]
[PlyCount "48"]
[EventDate "2021.??.??"]

1. e4 c5 2. Nf3 d6 3. Bb5+ Nd7 4. c3 a6 5. Ba4 Ngf6 6. Bc2 b5 7. O-O c4 8. b3
Bb7 9. Qe2 Qc7 10. Re1 e6 11. bxc4 bxc4 12. Na3 d5 13. exd5 Bxd5 14. Ba4 Bd6
15. Ne5 Rc8 16. Nxd7 Nxd7 17. Qg4 O-O 18. d4 Nf6 19. Qh4 Qa5 20. Bc2 Qxc3 21.
Bg5 Bxa3 22. Bxf6 Qxc2 23. Re3 Bc1 24. Qg4 Qg6 0-1

[Event "SERBIA CHESS OPEN 2021 - MASTERS"]
[Site "Belgrade, Hotel Metropol"]
[Date "2021.07.04"]
[Round "4.130"]
[White "Zenelaj, Samuel"]
[Black "Skonnord, Uno"]
[Result "0-1"]
[WhiteElo "2244"]
[BlackElo "2112"]
[PlyCount "108"]
[EventDate "2021.??.??"]

1. e4 c5 2. Nf3 g6 3. d4 cxd4 4. Nxd4 Bg7 5. c4 Nc6 6. Be3 Nf6 7. Nc3 Ng4 8.
Qxg4 Nxd4 9. Qd1 Ne6 10. Qd2 Qa5 11. Be2 Bxc3 12. bxc3 Qc7 13. f4 b6 14. f5 Nc5
15. Bd4 f6 16. Qh6 Bb7 17. fxg6 O-O-O 18. g7 Rhg8 19. O-O Ne6 20. a4 Rxg7 21.
Bf3 Rdg8 22. a5 Ng5 23. Kh1 bxa5 24. Qh4 Qxc4 25. Qe1 Nxf3 26. gxf3 Rg2 27.
Rxa5 Rxh2+ 28. Kxh2 Qc7+ 29. Re5 fxe5 30. Bxa7 Qd6 31. Bf2 Qh6+ 32. Bh4 Ba6 33.
Rg1 Qf4+ 34. Bg3 Qxf3 35. Qf2 Qxf2+ 36. Bxf2 Rxg1 37. Kxg1 Bd3 38. Bh4 Kd8 39.
Kf2 Bxe4 40. Ke3 Bf5 41. c4 d6 42. Kd2 Kd7 43. Kc3 e6 44. Kb4 Kc6 45. Bg3 e4
46. Bf4 h5 47. Bg5 d5 48. Kc3 Kd6 49. Bh4 e3 50. Kd4 e2 51. Bg3+ Kc6 52. Bf2
Bg4 53. Be1 e5+ 54. Kxe5 dxc4 0-1

[Event "SERBIA CHESS OPEN 2021 - MASTERS"]
[Site "Belgrade, Hotel Metropol"]
[Date "2021.07.04"]
[Round "4.131"]
[White "Zhukenov, Aituar"]
[Black "Trippold, Denise"]
[Result "1-0"]
[WhiteElo "2241"]
[BlackElo "2113"]
[PlyCount "53"]
[EventDate "2021.??.??"]

1. e4 e6 2. d4 d5 3. Nc3 Nf6 4. e5 Nfd7 5. Nce2 c5 6. c3 Nc6 7. Nf3 Qb6 8. a3
cxd4 9. cxd4 f6 10. exf6 Nxf6 11. g3 Bd6 12. Bg2 O-O 13. O-O Bd7 14. Qd3 Na5
15. b4 Nc4 16. Bf4 a5 17. bxa5 Rxa5 18. Rfb1 Qa7 19. Bxd6 Nxd6 20. Bh3 Nfe4 21.
Nf4 Nf5 22. Ne5 Bc8 23. Bxf5 Rxf5 24. Rc1 Rf8 25. Rc7 Qb6 26. Rac1 Nd6 27. Nh5
1-0

[Event "SERBIA CHESS OPEN 2021 - MASTERS"]
[Site "Belgrade, Hotel Metropol"]
[Date "2021.07.04"]
[Round "4.132"]
[White "Sitnic, Adnan"]
[Black "Korkmaz, Necmettin"]
[Result "1-0"]
[WhiteElo "2231"]
[BlackElo "2101"]
[PlyCount "53"]
[EventDate "2021.??.??"]

1. e4 c5 2. f4 d5 3. exd5 Nf6 4. Bb5+ Bd7 5. Bxd7+ Qxd7 6. c4 e6 7. Qe2 Bd6 8.
d3 O-O 9. dxe6 fxe6 10. Nf3 Nc6 11. O-O e5 12. f5 Qxf5 13. Nc3 Rae8 14. Ng5 Qg6
15. Be3 Nd4 16. Qd1 e4 17. Bxd4 Qxg5 18. Bxf6 Qe3+ 19. Kh1 Qh6 20. h3 e3 21.
Ne4 gxf6 22. Qg4+ Kh8 23. Nxd6 e2 24. Rfe1 f5 25. Nxf5 Qf6 26. Ng3 Rg8 27. Ne4
1-0

[Event "SERBIA CHESS OPEN 2021 - MASTERS"]
[Site "Belgrade, Hotel Metropol"]
[Date "2021.07.04"]
[Round "4.133"]
[White "Andreev, Stanislav"]
[Black "Lever, Erwan"]
[Result "1/2-1/2"]
[WhiteElo "2101"]
[BlackElo "2231"]
[PlyCount "114"]
[EventDate "2021.??.??"]

1. d4 Nf6 2. c4 g6 3. Nc3 d5 4. cxd5 Nxd5 5. e4 Nxc3 6. bxc3 Bg7 7. Qa4+ Nd7 8.
Nf3 O-O 9. Be2 c5 10. O-O Nb6 11. Qa3 cxd4 12. cxd4 Bg4 13. Be3 Qd6 14. Qxd6
exd6 15. Rac1 Rfe8 16. h3 Bd7 17. Nd2 Rac8 18. Rfe1 Na4 19. Nc4 Bf8 20. Bd3 b5
21. Nd2 Nc3 22. d5 a6 23. a3 Bg7 24. Rc2 Na4 25. Rec1 Bb2 26. Rxc8 Rxc8 27.
Rxc8+ Bxc8 28. Nb1 Kf8 29. Kf1 Nc3 30. Nxc3 Bxc3 31. Bc1 Bd7 32. Ke2 a5 33. Kd1
Ke7 34. Kc2 Bd4 35. f3 Bc5 36. Bg5+ f6 37. Bc1 b4 38. axb4 Ba4+ 39. Kb2 Bxb4
40. Be3 Bd7 41. Kb3 h5 42. Ba6 f5 43. Bg5+ Kf7 44. Kc4 fxe4 45. fxe4 Ba4 46.
Kd4 Bc5+ 47. Kc3 Bd1 48. Kd2 Bb3 49. Kc3 a4 50. Bc4 Bxc4 51. Kxc4 a3 52. Kb3
Kg7 53. Ka2 Kf8 54. Bc1 Ke7 55. Bg5+ Kd7 56. Bc1 Ke7 57. Bg5+ Kd7 1/2-1/2

[Event "SERBIA CHESS OPEN 2021 - MASTERS"]
[Site "Belgrade, Hotel Metropol"]
[Date "2021.07.04"]
[Round "4.134"]
[White "Strugnell, Carl"]
[Black "Soubirou, Oriane"]
[Result "1-0"]
[WhiteElo "2229"]
[BlackElo "2101"]
[PlyCount "39"]
[EventDate "2021.??.??"]

1. c4 g6 2. Nc3 Bg7 3. g3 e5 4. Bg2 Ne7 5. d3 h6 6. Rb1 O-O 7. e3 d6 8. Nge2
Nbc6 9. b4 Re8 10. Nd5 Nb8 11. O-O c6 12. Nxe7+ Qxe7 13. b5 Qd7 14. Qa4 Rd8 15.
Ba3 Qe8 16. Rfc1 Nd7 17. Qb4 Bf8 18. Qd2 Be7 19. d4 Nf6 20. Qb2 1-0

[Event "SERBIA CHESS OPEN 2021 - MASTERS"]
[Site "Belgrade, Hotel Metropol"]
[Date "2021.07.04"]
[Round "4.135"]
[White "Aleksic, Neven"]
[Black "Katic, Goran"]
[Result "1-0"]
[WhiteElo "2213"]
[BlackElo "1963"]
[PlyCount "103"]
[EventDate "2021.??.??"]

1. d4 Nf6 2. c4 e6 3. Nf3 Bb4+ 4. Bd2 Qe7 5. g3 Nc6 6. Bg2 a5 7. O-O Bxd2 8.
Nbxd2 d6 9. e4 e5 10. d5 Nb8 11. Ne1 O-O 12. Nd3 Na6 13. Qc2 Nd7 14. a3 Ndc5
15. Nxc5 Nxc5 16. b4 Na6 17. Qc3 Bd7 18. bxa5 Ba4 19. f4 f6 20. Bh3 Nc5 21.
Rab1 Ra7 22. Be6+ Nxe6 23. dxe6 Qxe6 24. Qe3 Rfa8 25. Rb4 Bc6 26. f5 Qf7 27.
Nb3 Ra6 28. Rd1 Rd8 29. Nc5 Rxa5 30. Nxb7 Bxb7 31. Rxb7 Rda8 32. Qb3 h6 33.
Rxd6 Rxa3 34. Rb8+ Kh7 35. Rdd8 Ra1+ 36. Kf2 R8a2+ 37. Ke3 g5 38. Rh8+ Kg7 39.
Rbg8+ Qxg8 40. Rxg8+ Kxg8 41. Qb8+ Kf7 42. Qxc7+ Ke8 43. Qc8+ Ke7 44. Qe6+ Kd8
45. Qxf6+ Kc8 46. Kf3 Rf1+ 47. Kg4 Rxh2 48. Qxe5 Re2 49. f6 Ref2 50. Qe6+ Kc7
51. e5 Kb7 52. c5 1-0

[Event "SERBIA CHESS OPEN 2021 - MASTERS"]
[Site "Belgrade, Hotel Metropol"]
[Date "2021.07.04"]
[Round "4.136"]
[White "Herega, Nejc"]
[Black "Andrijevic, Milan"]
[Result "1/2-1/2"]
[WhiteElo "2099"]
[BlackElo "2207"]
[PlyCount "113"]
[EventDate "2021.??.??"]

1. Nf3 Nf6 2. c4 e6 3. g3 c5 4. Bg2 Nc6 5. O-O d5 6. cxd5 exd5 7. d4 Be7 8. Nc3
O-O 9. dxc5 Bxc5 10. Bg5 d4 11. Ne4 Be7 12. Bxf6 Bxf6 13. b4 a6 14. a4 Nxb4 15.
Nxf6+ Qxf6 16. Qxd4 Qe7 17. Qe5 Qxe5 18. Nxe5 Re8 19. Rfd1 Kf8 20. Nd7+ Ke7 21.
Nb6 Ra7 22. a5 Be6 23. Rdc1 Nc6 24. Bxc6 bxc6 25. Rxc6 Rd8 26. f3 Rd2 27. Kf2
Rb7 28. Ra3 Rb8 29. Rc7+ Kf6 30. Ra7 Rbd8 31. Rxa6 Rc2 32. Na4 Rd1 33. Nc3 Rh1
34. Rxe6+ Kxe6 35. a6 Rxh2+ 36. Ke3 Rh1 37. Kd3 Rhc1 38. Na2 Rxa2 39. Rxa2 Rc8
40. a7 Ra8 41. e4 Kd6 42. f4 Kc5 43. e5 g6 44. Ke4 h5 45. Ra4 Kc6 46. f5 g5 47.
f6 Kd7 48. Kf5 h4 49. gxh4 gxh4 50. Kg4 Ke6 51. Ra5 h3 52. Kxh3 Kf5 53. Kg3
Rg8+ 54. Kf3 Ra8 55. Ke3 Ke6 56. Ke4 Rxa7 57. Rxa7 1/2-1/2

[Event "SERBIA CHESS OPEN 2021 - MASTERS"]
[Site "Belgrade, Hotel Metropol"]
[Date "2021.07.04"]
[Round "4.137"]
[White "Kovacevic, Radmila"]
[Black "Shpanko, Nadiia"]
[Result "1/2-1/2"]
[WhiteElo "2093"]
[BlackElo "2203"]
[PlyCount "109"]
[EventDate "2021.??.??"]

1. e4 d5 2. exd5 Qxd5 3. d4 Nc6 4. Be3 Nf6 5. Nc3 Qa5 6. Bc4 Bg4 7. f3 Bh5 8.
Nge2 O-O-O 9. a3 Ne5 10. b4 Qb6 11. Bd3 Nxd3+ 12. cxd3 Bg6 13. Kf2 Qa6 14. Nf4
e6 15. b5 Qa5 16. Qb3 Bd6 17. Nxg6 hxg6 18. h3 Nh5 19. Ne2 Rhe8 20. Rhd1 Nf6
21. Bd2 Qb6 22. Qa4 a6 23. Rab1 Nd5 24. Rdc1 Qa7 25. Nc3 Nb6 26. Qa5 Kb8 27.
Ne4 axb5 28. Qxb5 Nd5 29. Nc5 Bxc5 30. dxc5 Kc8 31. Rc4 c6 32. Qb3 e5 33. Kf1
Nc7 34. Ra4 Qxc5 35. Ra8+ Kd7 36. Qxf7+ Qe7 37. Rxd8+ Kxd8 38. Qxe7+ Kxe7 39.
Rxb7 Kd6 40. Bb4+ c5 41. Bxc5+ Kc6 42. Ra7 Rd8 43. Ke2 Nb5 44. Be7 Re8 45. Ra6+
Kb7 46. Ra5 Nd4+ 47. Ke3 Rxe7 48. Ke4 Nc6 49. Rb5+ Kc7 50. f4 exf4+ 51. Kxf4
Kd7 52. Kg5 Re3 53. Kxg6 Rg3+ 54. Kh5 g6+ 55. Kh4 1/2-1/2

[Event "SERBIA CHESS OPEN 2021 - MASTERS"]
[Site "Belgrade, Hotel Metropol"]
[Date "2021.07.04"]
[Round "4.139"]
[White "Vucinic, Gojko"]
[Black "Djukic, Sandra"]
[Result "1-0"]
[WhiteElo "2366"]
[BlackElo "2172"]
[PlyCount "59"]
[EventDate "2021.??.??"]

1. e4 e6 2. d4 d5 3. Nc3 Bb4 4. e5 c5 5. a3 Bxc3+ 6. bxc3 Qa5 7. Bd2 Qa4 8. Qb1
c4 9. h4 Nc6 10. h5 Bd7 11. h6 Nxh6 12. Bxh6 gxh6 13. Rxh6 O-O-O 14. Ne2 Rdf8
15. g3 f6 16. exf6 Qa5 17. Kd1 e5 18. Qc1 Bg4 19. Qe3 exd4 20. Qf4 d3 21. Qxg4+
Kb8 22. cxd3 cxd3 23. Qf4+ Ka8 24. Nc1 Qxc3 25. Ra2 Ne5 26. Qb4 Qc6 27. Nxd3
Nxd3 28. Bxd3 Rxf6 29. Rxf6 Qxf6 30. Qf4 1-0

[Event "SERBIA CHESS OPEN 2021 - MASTERS"]
[Site "Belgrade, Hotel Metropol"]
[Date "2021.07.04"]
[Round "4.140"]
[White "Velikic, Adela"]
[Black "Garabetyan, Arno"]
[Result "1-0"]
[WhiteElo "2308"]
[BlackElo "2096"]
[PlyCount "43"]
[EventDate "2021.??.??"]

1. c4 Nf6 2. Nc3 e6 3. e4 d5 4. e5 d4 5. exf6 dxc3 6. bxc3 Qxf6 7. d4 e5 8. Nf3
exd4 9. Bg5 Qe6+ 10. Be2 dxc3 11. O-O Be7 12. Bd3 f6 13. Bf4 Na6 14. Qc2 Qg4
15. Bg3 Kf7 16. Rfe1 Nc5 17. Bxh7 Be6 18. Nd4 Bxc4 19. Bf5 Qg5 20. h4 Qh6 21.
Bg6+ Kf8 22. Rxe7 1-0

[Event "SERBIA CHESS OPEN 2021 - MASTERS"]
[Site "Belgrade, Hotel Metropol"]
[Date "2021.07.04"]
[Round "4.141"]
[White "Papadopoulos, Panayotis"]
[Black "Meier, Volker"]
[Result "0-1"]
[WhiteElo "2216"]
[BlackElo "2285"]
[PlyCount "112"]
[EventDate "2021.??.??"]

1. d4 Nf6 2. Nf3 g6 3. g3 Bg7 4. Bg2 O-O 5. O-O d5 6. c4 c6 7. cxd5 cxd5 8. Nc3
Nc6 9. Ne5 e6 10. Nxc6 bxc6 11. Bg5 h6 12. Bf4 Qe7 13. Be5 Nd7 14. Bxg7 Kxg7
15. Rc1 Nb6 16. b3 Bd7 17. e4 Rfd8 18. Re1 Be8 19. h4 a5 20. h5 g5 21. e5 Rac8
22. Bf1 c5 23. Bd3 cxd4 24. Ne2 Rxc1 25. Qxc1 Rc8 26. Qd1 Qb4 27. Bb1 Bb5 28.
Nxd4 Ba6 29. Kg2 Nd7 30. f4 gxf4 31. gxf4 Rg8 32. Kf3 Kf8 33. Re3 Qe7 34. Qe1
Nc5 35. b4 Ne4 36. b5 Bb7 37. Qxa5 Rg3+ 38. Ke2 Rg2+ 39. Kd1 Rd2+ 40. Kc1 Rxd4
41. Bxe4 Rxe4 42. Rxe4 dxe4 43. Qc3 Qh4 44. Qe3 Qh1+ 45. Kc2 Qh2+ 46. Kc3 Qxa2
47. Kb4 Qd5 48. f5 Qxe5 49. Qxh6+ Ke8 50. f6 e3 51. Qg7 Qxh5 52. Qg3 e5 53.
Qxe3 Qh4+ 54. Ka5 Qxf6 55. b6 Qe6 56. Qc3 Qd5+ 0-1

[Event "SERBIA CHESS OPEN 2021 - MASTERS"]
[Site "Belgrade, Hotel Metropol"]
[Date "2021.07.04"]
[Round "4.142"]
[White "Velickovic, Sasa"]
[Black "Shoshin, Kirill"]
[Result "1-0"]
[WhiteElo "2281"]
[BlackElo "2001"]
[PlyCount "73"]
[EventDate "2021.??.??"]

1. e4 Nf6 2. e5 Nd5 3. d4 d6 4. Nf3 g6 5. exd6 cxd6 6. g3 Bg7 7. Bg2 O-O 8. O-O
Nc6 9. c3 Nb6 10. d5 Ne5 11. Nd4 Bg4 12. f3 Bd7 13. h3 Be8 14. f4 Ned7 15. b3
Nc5 16. Be3 Qc7 17. c4 e5 18. dxe6 Nxe6 19. Qd2 Bc6 20. Nc3 Bxg2 21. Kxg2 a6
22. f5 Nxd4 23. Bxd4 Be5 24. Rad1 Rad8 25. Bxb6 Qxb6 26. Nd5 Qc6 27. f6 Kh8 28.
Rf3 Qd7 29. Re1 g5 30. Qxg5 Rg8 31. Qh5 Bxg3 32. Rxg3 Rxg3+ 33. Kxg3 Rg8+ 34.
Kf4 Qd8 35. Ne7 Rg2 36. Kf3 Rc2 37. Qg5 1-0